000 01065cam a2200205 4500
001 WB@3612-78
008 041111n2004 000 0 eng u
035 _a(Sirsi) u127946
245 _aHouse building starts
260 _c2004
490 _aODPM Statistical Release
_v(2004/0273) 11 November 2004 (3)
520 _a"House building: July to September quarter 2004" has been published by the ODPM. It presents figures on new house building starts and completions in England and its regions. During this quarter there were 45 000 housing starts and 38 500 completions - up 13% on the same period in 2003. During the 12 months to the end of September 2004 starts numbered 171 100 (up 9% on the previous 12 month period) and completions totalled 151 600 (up 8%). Further details and tables are available. http://www.odpm.gov.uk/pns/displaypn.cgi?pn_id=200 4_0273
590 _aWB
590 _aWB
650 _aHOUSING STATISTICS
650 _aHOUSING COMPLETIONS
650 _aHOUSE BUILDING
690 _aBUILDING AND CONSTRUCTION-MARKET
942 _n0
999 _c118296
_d118296